[Event "FISU World University-ch 2020"]
[Site "Online"]
[Date "2020.10.26"]
[Round "3.35"]
[White "Aravena Navarro, Alexis Andres"]
[Black "Sole, Michael D"]
[Result "1-0"]
[WhiteElo "1937"]
[BlackElo "1805"]
[Annotator "TA"]
[PlyCount "111"]
[EventDate "2020.10.26"]
[SourceTitle "playchess.com"]
[Source "ChessBase"]
[SourceQuality "1"]

1. e4 e5 2. Nf3 Nc6 3. Bc4 Nf6 4. d4 exd4 5. O-O Nxe4 6. Nxd4 d5 7. Bb5 Bd7 8. Nb3 Nf6 9. Re1+ Be7 10. Qe2 a6 11. Bxc6 bxc6 12. Bf4 Bg4 13. f3 Be6 14. Nc3 O-O 15. Na4 Nd7 16. Nd4 Nc5 17. Nxc6 Qd7 18. Nxe7+ Qxe7 19. Nc3 c6 20. Qf2 Nd7 21. Qg3 Qf6 22. Rad1 Bf5 23. Re2 Rfe8 24. Rde1 Rxe2 25. Rxe2 h6 26. Qe1 Bxc2 27. Bxh6 Qxh6 28. Rxc2 Qg6 29. Re2 Nf6 30. b3 Qd3 31. Na4 Kf8 32. h3 Qd4+ 33. Qf2 Qxf2+ 34. Kxf2 Re8 35. Nc5 Rxe2+ 36. Kxe2 a5 37. a4 Ke7 38. Nb7 Nh5 39. Nxa5 Kd6 40. Nb7+ Kc7 41. Nc5 Nf4+ 42. Kf2 Kb6 43. b4 d4 44. h4 Nd5 45. Nd3 Nc3 46. g4 Nxa4 47. h5 f6 48. f4 Nc3 49. Kf3 Kc7 50. g5 Nd5 51. Ke4 Kd6 52. h6 gxh6 53. gxh6 Ne7 54. f5 Kd7 55. h7 Ng6 56. fxg6 1-0

[Event "FISU World University-ch 2020"]
[Site "Online"]
[Date "2020.10.26"]
[Round "3.35"]
[White "Heyworth, Nicholas"]
[Black "Ruiz Olate, Emily Andrea"]
[Result "0-1"]
[WhiteElo "1752"]
[BlackElo "1866"]
[Annotator "NA"]
[PlyCount "60"]
[EventDate "2020.10.26"]
[SourceTitle "playchess.com"]
[Source "ChessBase"]
[SourceQuality "1"]

1. e4 c5 2. Nc3 Nc6 3. Bb5 g6 4. Bxc6 bxc6 5. d4 Bg7 6. dxc5 Qa5 7. Nge2 Qxc5 8. Be3 Qb4 9. a3 Qxb2 10. Na4 Qxa1 11. Qxa1 Bxa1 12. c3 Nf6 13. O-O Ba6 14. Re1 Bxe2 15. Rxe2 Rb8 16. Re1 Bb2 17. Rb1 O-O 18. Bxa7 Ra8 19. Rxb2 Rxa7 20. Rb4 Rfa8 21. Nc5 Rxa3 22. h3 Rxc3 23. Na4 Rc1+ 24. Kh2 Re1 25. f3 d5 26. exd5 cxd5 27. Nc5 Ra2 28. Nd3 Ree2 29. Kg3 Rxg2+ 30. Kf4 Rae2 0-1

[Event "FISU World University-ch 2020"]
[Site "Online"]
[Date "2020.10.26"]
[Round "3.36"]
[White "Ikeda, Vinicius Yasuto"]
[Black "Ketipearachchi, Dilanka Hideo"]
[Result "1-0"]
[WhiteElo "2004"]
[BlackElo "1510"]
[Annotator "NA"]
[PlyCount "101"]
[EventDate "2020.10.26"]
[SourceTitle "playchess.com"]
[Source "ChessBase"]
[SourceQuality "1"]

1. d4 d5 2. c4 e6 3. Nf3 Nf6 4. Nc3 Be7 5. Bg5 b6 6. e3 Ba6 7. Ne5 c6 8. Be2 O-O 9. O-O dxc4 10. Nxc4 Nd5 11. Bxe7 Qxe7 12. Qc2 Rc8 13. Qb3 c5 14. Rfe1 Nxc3 15. bxc3 Bb7 16. Ne5 Nd7 17. f4 Nxe5 18. fxe5 Qg5 19. Bf1 h5 20. a4 cxd4 21. exd4 Bd5 22. Qb2 Rc7 23. a5 Rac8 24. axb6 axb6 25. Rac1 Qf4 26. Rc2 Qh4 27. Rec1 Qf4 28. c4 Be4 29. Rf2 Qg5 30. Re1 Ba8 31. Qxb6 h4 32. h3 Qg3 33. Ra1 Be4 34. Ra7 Rxa7 35. Qxa7 Qg6 36. Rf4 Ra8 37. Qe7 Ra1 38. Qe8+ Kh7 39. Rxh4+ Qh6 40. Rxh6+ Kxh6 41. Kf2 Ra2+ 42. Ke3 Bg6 43. Qh8+ Kg5 44. Qxg7 Ra3+ 45. Kf2 Ra2+ 46. Kg1 Ra1 47. Qf6+ Kh5 48. Kf2 Ra2+ 49. Kg3 Ra3+ 50. Kf4 Ra1 51. Qg5# 1-0

[Event "FISU World University-ch 2020"]
[Site "Online"]
[Date "2020.10.26"]
[Round "3.36"]
[White "Batista Inacio, Pedro Lews"]
[Black "Sathma, Devni"]
[Result "1-0"]
[WhiteElo "1687"]
[BlackElo "1299"]
[Annotator "NA"]
[PlyCount "35"]
[EventDate "2020.10.26"]
[SourceTitle "playchess.com"]
[Source "ChessBase"]
[SourceQuality "1"]

1. d4 d5 2. Nf3 e6 3. Bf4 Nf6 4. h3 c6 5. e3 Bd6 6. Bxd6 Qxd6 7. c3 O-O 8. Bd3 Nbd7 9. O-O e5 10. dxe5 Nxe5 11. Nxe5 Qxe5 12. Nd2 Bf5 13. Nf3 Qe6 14. Nd4 Qe5 15. Nxf5 Ne4 16. Bxe4 Qxe4 17. Qg4 Qe6 18. Qxg7# 1-0

[Event "FISU World University-ch 2020"]
[Site "Online"]
[Date "2020.10.26"]
[Round "3.36"]
[White "Kottahachchi, A S"]
[Black "Da Silva, Francisco Iran Santo"]
[Result "0-1"]
[WhiteElo "1400"]
[BlackElo "1825"]
[Annotator "NA"]
[PlyCount "82"]
[EventDate "2020.10.26"]
[SourceTitle "playchess.com"]
[Source "ChessBase"]
[SourceQuality "1"]

1. d4 e6 2. c4 Bb4+ 3. Nc3 c5 4. e3 Nc6 5. d5 exd5 6. cxd5 Nce7 7. a3 Ba5 8. Bc4 d6 9. Bd2 Nf6 10. Nf3 Bg4 11. O-O O-O 12. Re1 a6 13. e4 b5 14. Bd3 c4 15. b4 Bb6 16. Bc2 Ng6 17. h3 Bh5 18. Qc1 Bxf3 19. gxf3 Ne5 20. Kg2 Nh5 21. Bg5 f6 22. Be3 g5 23. f4 Bxe3 24. fxe3 gxf4 25. exf4 Ng6 26. f5 Ngf4+ 27. Kh2 Kh8 28. Rg1 Qb6 29. Qd2 Rg8 30. h4 Rae8 31. Raf1 Rxg1 32. Rxg1 Nd3 33. Bxd3 cxd3 34. Qxd3 Qf2+ 35. Kh1 Qxh4+ 36. Kg2 Nf4+ 37. Kf3 Nxd3 38. Ke3 Qxe4+ 39. Nxe4 Nb2 40. Kd4 Nc4 41. Nxf6 Rf8 0-1

[Event "FISU World University-ch 2020"]
[Site "Online"]
[Date "2020.10.26"]
[Round "3.36"]
[White "Hansamali, H M Samudrika"]
[Black "Liebl, Livia"]
[Result "0-1"]
[WhiteElo "1181"]
[BlackElo "1543"]
[Annotator "NA"]
[PlyCount "70"]
[EventDate "2020.10.26"]
[SourceTitle "playchess.com"]
[Source "ChessBase"]
[SourceQuality "1"]

1. d4 d5 2. c4 e6 3. Nc3 f5 4. Nf3 Nf6 5. Bg5 c6 6. cxd5 exd5 7. e3 Bd6 8. Bd3 O-O 9. Qc2 Qd7 10. O-O Ne4 11. Bf4 Qc7 12. Ne5 Nd7 13. Nxd7 Bxd7 14. Bg3 Bxg3 15. fxg3 Rae8 16. Rae1 Qd6 17. Na4 Rf6 18. Nc3 Rh6 19. Ne2 g5 20. a3 Qg6 21. Bxe4 fxe4 22. Nc3 Qh5 23. h3 Qg6 24. Qf2 Qg7 25. g4 Rh4 26. Ne2 h5 27. gxh5 Rxh5 28. Ng3 Rh8 29. Nf5 Bxf5 30. Qxf5 Rh6 31. Qg4 Rh4 32. Qe2 g4 33. Rf2 gxh3 34. Kf1 h2 35. g3 h1=Q# 0-1

[Event "FISU World University-ch 2020"]
[Site "Online"]
[Date "2020.10.26"]
[Round "3.37"]
[White "Da Silva Araujo, Gabriel Victor"]
[Black "Khayat, Emad"]
[Result "1-0"]
[WhiteElo "2011"]
[BlackElo "1525"]
[Annotator "TA"]
[PlyCount "93"]
[EventDate "2020.10.26"]
[SourceTitle "playchess.com"]
[Source "ChessBase"]
[SourceQuality "1"]

1. Nf3 Nf6 2. c4 c5 3. Nc3 Nc6 4. g3 g6 5. Bg2 Bg7 6. O-O O-O 7. d4 cxd4 8. Nxd4 a6 9. Re1 e5 10. Nc2 d6 11. b3 Be6 12. Bb2 Qc7 13. Rc1 Rad8 14. Ne3 Nd4 15. Ned5 Nxd5 16. Nxd5 Bxd5 17. Bxd5 Kh8 18. e3 Ne6 19. Qd2 Qe7 20. Rcd1 f5 21. f4 Nc5 22. Kg2 Rfe8 23. h3 h6 24. b4 Ne6 25. a3 Kh7 26. Bc3 Bf6 27. Rb1 Rc8 28. Qb2 Nd8 29. e4 fxe4 30. Rxe4 Qg7 31. Rbe1 Nc6 32. b5 axb5 33. cxb5 Nd8 34. fxe5 dxe5 35. a4 Rc5 36. Bb3 b6 37. Bd4 exd4 38. Rxe8 d3 39. Qf2 Qb7+ 40. Kh2 Bg5 41. Bg8+ Kg7 42. Qd4+ Bf6 43. R1e7+ Qxe7 44. Rxe7+ Kxg8 45. Qxf6 Ne6 46. Qf7+ Kh8 47. Qh7# 1-0

[Event "FISU World University-ch 2020"]
[Site "Online"]
[Date "2020.10.26"]
[Round "3.37"]
[White "Alrehaili, Ahmed Abdullah S"]
[Black "Damaceno, Mateus Lima"]
[Result "0-1"]
[WhiteElo "1980"]
[BlackElo "2136"]
[Annotator "NA"]
[PlyCount "80"]
[EventDate "2020.10.26"]
[SourceTitle "playchess.com"]
[Source "ChessBase"]
[SourceQuality "1"]

1. e4 e5 2. Nf3 Nc6 3. Bc4 Nf6 4. d3 Be7 5. O-O O-O 6. Nbd2 d6 7. c3 Na5 8. Bb5 a6 9. Ba4 b5 10. Bc2 c5 11. Re1 Nc6 12. Nf1 h6 13. h3 Re8 14. d4 cxd4 15. cxd4 exd4 16. Nxd4 Nxd4 17. Qxd4 Be6 18. Bf4 Rc8 19. Bb3 d5 20. e5 Ne4 21. Ne3 Bc5 22. Qd3 Qh4 23. g3 Qxh3 24. Bxd5 Qh1+ 25. Kxh1 Nxf2+ 26. Kh2 Nxd3 27. Bxe6 Rxe6 28. Re2 g5 29. Nd5 gxf4 30. gxf4 Kh8 31. Rd1 Nf2 32. Rc1 Rec6 33. Rf1 Ba7 34. Rfxf2 Bxf2 35. Rxf2 Rc2 36. Kg2 Rxf2+ 37. Kxf2 Rc2+ 38. Ke3 Rxb2 39. f5 Kg7 40. f6+ Kf8 0-1

[Event "FISU World University-ch 2020"]
[Site "Online"]
[Date "2020.10.26"]
[Round "4.1"]
[White "Liu, Yan"]
[Black "Lewicki, Miroslaw"]
[Result "1-0"]
[WhiteElo "2524"]
[BlackElo "2348"]
[Annotator "TA"]
[PlyCount "107"]
[EventDate "2020.10.26"]
[SourceTitle "playchess.com"]
[Source "ChessBase"]
[SourceQuality "1"]

1. Nf3 c5 2. c4 Nf6 3. g3 e6 4. Bg2 Be7 5. O-O d5 6. cxd5 Nxd5 7. d4 Nc6 8. dxc5 Bxc5 9. a3 O-O 10. Qc2 Bb6 11. Rd1 Qc7 12. e4 Nf6 13. Nc3 Ng4 14. Bf4 Bxf2+ 15. Qxf2 e5 16. Nd5 Qd6 17. Qc2 exf4 18. gxf4 Qh6 19. Qc3 Qh5 20. h3 Nh6 21. f5 f6 22. b4 Nf7 23. Qxf6 Qxf3 24. Qxf7+ Rxf7 25. Bxf3 Ne5 26. Bg2 Bd7 27. Rac1 Bc6 28. Nf4 g6 29. b5 Be8 30. Rd5 Nd7 31. Ne6 Nb6 32. Rdc5 Bd7 33. Ng5 Rff8 34. fxg6 hxg6 35. e5 Rf5 36. e6 Bxb5 37. Bxb7 Re8 38. Be4 Rxc5 39. Rxc5 Ba4 40. Rc7 a6 41. Bxg6 Rc8 42. Rh7 Rc3 43. Kh2 Bc2 44. Bxc2 Rxc2+ 45. Kg3 Nd5 46. Ra7 Rc3+ 47. Kg4 Rxa3 48. Kf5 Kf8 49. Ke5 Nb4 50. Rf7+ Ke8 51. Ne4 Ra5+ 52. Kd6 Nd5 53. Ra7 Nb6 54. Nf6+ 1-0

[Event "FISU World University-ch 2020"]
[Site "Online"]
[Date "2020.10.26"]
[Round "4.1"]
[White "Xu, Minghui"]
[Black "Eggink, Ryszard"]
[Result "1-0"]
[WhiteElo "2407"]
[BlackElo "2387"]
[Annotator "TA"]
[PlyCount "51"]
[EventDate "2020.10.26"]
[SourceTitle "playchess.com"]
[Source "ChessBase"]
[SourceQuality "1"]

1. c4 Nf6 2. Nc3 g6 3. d4 Bg7 4. e4 O-O 5. Be3 d6 6. h3 e5 7. d5 a5 8. g4 Na6 9. Nge2 Ne8 10. Ng3 Qh4 11. Qd2 h6 12. O-O-O Kh7 13. Bd3 Bf6 14. Nge2 Bg5 15. f4 exf4 16. Nxf4 Nc5 17. Bc2 Ng7 18. Kb1 Bd7 19. Qh2 Bd8 20. e5 Qe7 21. Bxc5 dxc5 22. Ne4 Ne8 23. d6 cxd6 24. exd6 Nxd6 25. Rxd6 Bc7 26. Rxd7 1-0

[Event "FISU World University-ch 2020"]
[Site "Online"]
[Date "2020.10.26"]
[Round "4.1"]
[White "Molenda, Marcin"]
[Black "Chen, Qi b"]
[Result "1/2-1/2"]
[WhiteElo "2349"]
[BlackElo "2493"]
[Annotator "TA"]
[PlyCount "46"]
[EventDate "2020.10.26"]
[SourceTitle "playchess.com"]
[Source "ChessBase"]
[SourceQuality "1"]

1. d4 Nf6 2. c4 g6 3. Nc3 Bg7 4. e4 d6 5. f4 O-O 6. Nf3 c5 7. d5 e6 8. Be2 exd5 9. cxd5 Re8 10. e5 dxe5 11. fxe5 Ng4 12. e6 fxe6 13. d6 Nc6 14. O-O Rf8 15. Bg5 Bd4+ 16. Nxd4 Rxf1+ 17. Qxf1 Qxg5 18. Nxc6 Qe3+ 19. Kh1 Nf2+ 20. Kg1 Nh3+ 21. Kh1 Nf2+ 22. Kg1 Nh3+ 23. Kh1 Nf2+ 1/2-1/2

[Event "FISU World University-ch 2020"]
[Site "Online"]
[Date "2020.10.26"]
[Round "4.1"]
[White "Kubicka, Anna"]
[Black "Gu, Tianlu"]
[Result "0-1"]
[WhiteElo "2252"]
[BlackElo "2267"]
[Annotator "TA"]
[PlyCount "102"]
[EventDate "2020.10.26"]
[SourceTitle "playchess.com"]
[Source "ChessBase"]
[SourceQuality "1"]

1. e4 e5 2. Nf3 Nc6 3. Bb5 a6 4. Ba4 Nf6 5. O-O b5 6. Bb3 Be7 7. Re1 d6 8. a4 Bb7 9. d3 O-O 10. Nbd2 Na5 11. Ba2 c5 12. Nf1 Bc8 13. Ng3 h6 14. h3 Be6 15. Nh2 Nc6 16. Bxe6 fxe6 17. axb5 axb5 18. Rxa8 Qxa8 19. Ng4 Qe8 20. Nxf6+ Rxf6 21. Rf1 Qg6 22. Nh5 Rf8 23. Be3 d5 24. Ng3 c4 25. Qe2 Bh4 26. Bc5 Rf7 27. Qh5 Qxh5 28. Nxh5 g6 29. Ng3 Bxg3 30. fxg3 Rxf1+ 31. Kxf1 Nd4 32. Bxd4 exd4 33. exd5 exd5 34. Ke2 Kf7 35. Kf3 Kf6 36. Kf4 g5+ 37. Kg4 Kg6 38. h4 h5+ 39. Kf3 g4+ 40. Kf4 Kf6 41. b3 b4 42. dxc4 dxc4 43. bxc4 d3 44. Ke3 dxc2 45. Kd2 b3 46. Kc1 Ke5 47. Kb2 Kd4 48. Kc1 Kxc4 49. Kb2 Kd3 50. Kc1 Ke2 51. Kb2 Kd2 0-1

[Event "FISU World University-ch 2020"]
[Site "Online"]
[Date "2020.10.26"]
[Round "4.2"]
[White "Yeoh, Li Tian"]
[Black "Nenezic, Marko"]
[Result "0-1"]
[WhiteElo "2523"]
[BlackElo "2528"]
[Annotator "TA"]
[PlyCount "132"]
[EventDate "2020.10.26"]
[SourceTitle "playchess.com"]
[Source "ChessBase"]
[SourceQuality "1"]

1. Nf3 Nf6 2. g3 g6 3. Bg2 Bg7 4. c4 O-O 5. O-O d6 6. d4 c6 7. Nc3 Bf5 8. b3 Ne4 9. Bb2 Nxc3 10. Bxc3 Be4 11. e3 c5 12. Qe2 Nc6 13. Rfd1 Qb6 14. Qb2 a5 15. a3 e6 16. d5 Bxc3 17. Qxc3 exd5 18. cxd5 Bxf3 19. Bxf3 Ne5 20. Be2 f5 21. Rab1 Qc7 22. f4 Nd7 23. e4 Nf6 24. e5 Ne4 25. Qe3 dxe5 26. d6 Qg7 27. Bc4+ Kh8 28. fxe5 Qxe5 29. Rd5 Qg7 30. Re1 Rad8 31. Qd3 b6 32. a4 Rf7 33. Bb5 Nc3 34. Rde5 Ne4 35. Re8+ Rf8 36. d7 Qf6 37. Qd5 Kg7 38. Re6 Qc3 39. Re2 h5 40. Qc6 Rf6 41. Qxb6 Rxe6 42. Qxe6 Qf6 43. Qc4 h4 44. Kg2 hxg3 45. hxg3 Qd6 46. Rxe4 fxe4 47. Qxe4 Qd2+ 48. Kh3 Rh8+ 49. Kg4 Qd1+ 50. Kf4 Rf8+ 51. Ke3 Qe1+ 52. Kd3 Qxg3+ 53. Kc4 Qd6 54. Kc3 g5 55. Bd3 Qd4+ 56. Qxd4+ cxd4+ 57. Kxd4 Kf6 58. Kc5 Ke7 59. Kb6 g4 60. Be4 g3 61. Kxa5 Kxd7 62. Kb6 Rb8+ 63. Ka7 Rxb3 64. a5 Rb2 65. a6 Kc7 66. Ka8 g2 0-1

[Event "FISU World University-ch 2020"]
[Site "Online"]
[Date "2020.10.26"]
[Round "4.2"]
[White "Radovanovic, Mihajlo"]
[Black "Tan, Li Ting"]
[Result "1/2-1/2"]
[WhiteElo "2457"]
[BlackElo "2087"]
[Annotator "TA"]
[PlyCount "175"]
[EventDate "2020.10.26"]
[SourceTitle "playchess.com"]
[Source "ChessBase"]
[SourceQuality "1"]

1. Nf3 d5 2. g3 Nf6 3. Bg2 c5 4. O-O Nc6 5. d3 e5 6. Na3 Be7 7. e4 d4 8. Nc4 Qc7 9. a4 O-O 10. Nh4 Re8 11. f4 Bg4 12. Qe1 Nd7 13. Nf3 f6 14. f5 b6 15. h3 Bh5 16. g4 Bf7 17. h4 a6 18. Bd2 b5 19. Na3 Rab8 20. g5 Kh8 21. g6 Bg8 22. h5 h6 23. b3 Bf8 24. axb5 axb5 25. Nh2 c4 26. bxc4 bxc4 27. Nxc4 Bxc4 28. dxc4 Nb4 29. Qc1 Qxc4 30. Rf2 Qxc2 31. Qxc2 Nxc2 32. Ra7 Nc5 33. Bxh6 Rb1+ 34. Bf1 Ne3 35. Bxe3 dxe3 36. Rfa2 Nxe4 37. Kg2 Bc5 38. Rc7 Bb6 39. Rb7 Nd6 40. Rd7 Nxf5 41. Ng4 e2 42. Bxe2 Rg1+ 43. Kh2 Re1 44. h6 Nxh6 45. Nxh6 Rxe2+ 46. Rxe2 gxh6 47. Rb2 Be3 48. Rbb7 Bg5 49. Kg2 e4 50. Kf2 e3+ 51. Ke2 Kg8 52. Rg7+ Kh8 53. Rh7+ Kg8 54. Ra7 Rd8 55. Rhe7 Rc8 56. Kf3 Rd8 57. Re6 Rb8 58. Ree7 Rc8 59. Rad7 Rb8 60. Re6 Ra8 61. Re4 f5 62. Re5 f4 63. Kg4 Rf8 64. Kf3 Rf6 65. Re8+ Rf8 66. Re4 Rf6 67. g7 Rf7 68. Re8+ Kxg7 69. Rxf7+ Kxf7 70. Ra8 Kg6 71. Ra6+ Kf5 72. Ra5+ Ke6 73. Ke2 Kf6 74. Kf3 Kg6 75. Ra6+ Kf5 76. Ra5+ Kf6 77. Ra6+ Ke5 78. Ra4 Kd5 79. Rb4 Ke5 80. Ra4 h5 81. Ra5+ Kf6 82. Ra6+ Kf5 83. Ra5+ Kg6 84. Ra6+ Kf5 85. Ra5+ Kg6 86. Ra6+ Kf5 87. Ra5+ Kg6 88. Ra6+ 1/2-1/2

[Event "FISU World University-ch 2020"]
[Site "Online"]
[Date "2020.10.26"]
[Round "4.2"]
[White "Blagojevic, Tijana"]
[Black "Noor Akbar, Muhd Aziz Farhan"]
[Result "1-0"]
[WhiteElo "2194"]
[BlackElo "1877"]
[Annotator "TA"]
[PlyCount "81"]
[EventDate "2020.10.26"]
[SourceTitle "playchess.com"]
[Source "ChessBase"]
[SourceQuality "1"]

1. e4 g6 2. d4 Bg7 3. Nf3 c5 4. dxc5 Qa5+ 5. c3 Qxc5 6. Na3 Nf6 7. e5 Ng4 8. Qd4 Qxd4 9. cxd4 O-O 10. h3 Nh6 11. Nb5 Nc6 12. Bg5 f6 13. Bc4+ Kh8 14. exf6 exf6 15. Bf4 d5 16. Nc7 Rb8 17. Nxd5 Ra8 18. O-O g5 19. Bh2 Be6 20. Rfe1 Bxd5 21. Bxd5 Rfd8 22. Be4 Bf8 23. Rac1 Rac8 24. d5 Nb4 25. a3 Rxc1 26. Rxc1 Na6 27. b4 f5 28. Bb1 g4 29. hxg4 fxg4 30. Ng5 Bd6 31. Bxd6 Rxd6 32. Rc8+ Kg7 33. Ne6+ Kf6 34. Nf4 Rd7 35. Bc2 Nc7 36. Ba4 Rf7 37. d6 b5 38. Bb3 Rd7 39. dxc7 g3 40. Rf8+ Kg7 41. c8=Q 1-0

[Event "FISU World University-ch 2020"]
[Site "Online"]
[Date "2020.10.26"]
[Round "4.2"]
[White "Mohd Saprin, Amir Ghaazi"]
[Black "Djordjevic, Vuk"]
[Result "1-0"]
[WhiteElo "1951"]
[BlackElo "2347"]
[Annotator "TA"]
[PlyCount "113"]
[EventDate "2020.10.26"]
[SourceTitle "playchess.com"]
[Source "ChessBase"]
[SourceQuality "1"]

1. Nf3 Nf6 2. c4 e6 3. g3 Be7 4. Bg2 d5 5. O-O O-O 6. d4 dxc4 7. Ne5 Qd6 8. Nxc4 Qa6 9. Qc2 Nc6 10. Rd1 Rd8 11. e3 Bd7 12. b3 Rac8 13. Bf1 b5 14. Ncd2 Nb4 15. Qb2 Qb7 16. a3 Nbd5 17. b4 Nb6 18. Nc3 a6 19. Qc2 Bc6 20. Bb2 Nfd5 21. Nb3 Nxc3 22. Bxc3 Be4 23. Qc1 Bf3 24. Re1 Bf6 25. Nc5 Qa8 26. a4 bxa4 27. Nxa4 Nxa4 28. Rxa4 Qd5 29. Rxa6 Ra8 30. b5 Qh5 31. Qa3 Bb7 32. Be2 Qd5 33. f3 Bxa6 34. bxa6 Rdb8 35. Qa5 Qc6 36. Bb4 Qc2 37. Bc5 Rb3 38. Kf2 Bd8 39. a7 h5 40. Qa4 Qc3 41. Qe8+ Kh7 42. Qxf7 Qxe3+ 43. Kf1 Bf6 44. Qxc7 Rb2 45. Qc6 Rxa7 46. Bxa7 h4 47. Qe4+ Qxe4 48. fxe4 h3 49. Bc5 Bg5 50. Kf2 Rc2 51. Bd6 Bf6 52. e5 Bg5 53. Kf3 Rc3+ 54. Kg4 Be3 55. d5 exd5 56. e6 Bd2 57. e7 1-0

[Event "FISU World University-ch 2020"]
[Site "Online"]
[Date "2020.10.26"]
[Round "4.3"]
[White "Zarubitski, Viachaslau"]
[Black "Roshka, Yevgeniy"]
[Result "1-0"]
[WhiteElo "2442"]
[BlackElo "2476"]
[Annotator "TA"]
[PlyCount "137"]
[EventDate "2020.10.26"]
[SourceTitle "playchess.com"]
[Source "ChessBase"]
[SourceQuality "1"]

1. Nf3 g6 2. c4 Bg7 3. g3 e5 4. Nc3 Nc6 5. Bg2 d6 6. O-O Nf6 7. d4 exd4 8. Nxd4 Nxd4 9. Qxd4 O-O 10. Qh4 Ng4 11. Qxd8 Rxd8 12. Bg5 Bf6 13. Bxf6 Nxf6 14. Rfd1 Be6 15. b3 c6 16. Rd4 Kf8 17. Rad1 Ke7 18. h3 h5 19. e4 h4 20. g4 g5 21. f4 gxf4 22. Ne2 f3 23. Bxf3 Nh7 24. Nf4 Ng5 25. Kf2 a5 26. Bg2 a4 27. b4 a3 28. Ke3 Rd7 29. Kd3 Ra4 30. Kc3 b5 31. cxb5 cxb5 32. Nd5+ Bxd5 33. Rxd5 Rc7+ 34. Kb3 Ne6 35. Rxb5 Ra6 36. e5 dxe5 37. Rxe5 Kf6 38. Rf5+ Kg7 39. Rd2 Rc1 40. Rf1 Rc7 41. Rf5 Rc1 42. Rf1 Rc7 43. Rfd1 Nf4 44. Bf1 Raa7 45. Rd4 Ne6 46. Rc4 Rcb7 47. Rd5 Rb6 48. Bd3 Ra8 49. g5 Ra7 50. Rxh4 Rb8 51. Rc4 Re8 52. h4 Ree7 53. h5 Re8 54. h6+ Kg8 55. g6 fxg6 56. Bxg6 Rf8 57. Rf5 Rd8 58. Kc3 Rad7 59. Rf6 Nf8 60. Bf5 Rd2 61. Rg4+ Kh8 62. h7 Nxh7 63. Rh6 R8d3+ 64. Bxd3 Rxd3+ 65. Kc4 Rc3+ 66. Kb5 Rc5+ 67. Ka4 Ra5+ 68. Kb3 Rh5 69. Rg8+ 1-0

[Event "FISU World University-ch 2020"]
[Site "Online"]
[Date "2020.10.26"]
[Round "4.3"]
[White "Bakhmatsky, Vladislav"]
[Black "Nikitenko, Mihail"]
[Result "1/2-1/2"]
[WhiteElo "2438"]
[BlackElo "2436"]
[Annotator "TA"]
[PlyCount "60"]
[EventDate "2020.10.26"]
[SourceTitle "playchess.com"]
[Source "ChessBase"]
[SourceQuality "1"]

1. Nf3 Nf6 2. c4 c6 3. Nc3 d5 4. e3 e6 5. b3 Nbd7 6. Bb2 Bd6 7. Qc2 Qe7 8. Be2 b6 9. cxd5 cxd5 10. Nb5 Bb7 11. Rc1 O-O 12. Nxd6 Qxd6 13. Qc7 Qxc7 14. Rxc7 Rab8 15. O-O Rfc8 16. Rfc1 Nc5 17. Rxc8+ Rxc8 18. Ne5 a5 19. Bd4 Nfe4 20. f3 Nd6 21. Kf1 f6 22. Nd3 Nd7 23. Rxc8+ Bxc8 24. f4 Kf7 25. Ke1 Ke7 26. Bb2 Kd8 27. g4 h6 28. h4 Ba6 29. Nf2 Bxe2 30. Kxe2 b5 1/2-1/2

[Event "FISU World University-ch 2020"]
[Site "Online"]
[Date "2020.10.26"]
[Round "4.3"]
[White "Ivannikau, Maksim"]
[Black "Osmak, Iulija"]
[Result "0-1"]
[WhiteElo "2224"]
[BlackElo "2438"]
[Annotator "TA"]
[PlyCount "60"]
[EventDate "2020.10.26"]
[SourceTitle "playchess.com"]
[Source "ChessBase"]
[SourceQuality "1"]

1. Nf3 c5 2. g3 Nc6 3. Bg2 e5 4. O-O d5 5. d3 Be7 6. e4 d4 7. Nfd2 g5 8. a4 h5 9. f4 h4 10. Nc4 hxg3 11. hxg3 gxf4 12. gxf4 exf4 13. Bxf4 Be6 14. Nba3 a6 15. e5 Nh6 16. Qh5 Bg4 17. Qh2 Bg5 18. Nd6+ Kd7 19. Nxb7 Qe7 20. Nc4 Rag8 21. e6+ Bxe6 22. Nb6+ Ke8 23. Bxc6+ Kf8 24. Bxg5 Qxg5+ 25. Bg2 Qe3+ 26. Rf2 Qxf2+ 27. Kxf2 Ng4+ 28. Kf1 Nxh2+ 29. Kg1 Bh3 30. Kxh2 Bxg2+ 0-1

[Event "FISU World University-ch 2020"]
[Site "Online"]
[Date "2020.10.26"]
[Round "4.3"]
[White "Martynkova, Olena"]
[Black "Ilyuchyk, Yana"]
[Result "0-1"]
[WhiteElo "2222"]
[BlackElo "2119"]
[Annotator "TA"]
[PlyCount "76"]
[EventDate "2020.10.26"]
[SourceTitle "playchess.com"]
[Source "ChessBase"]
[SourceQuality "1"]

1. d4 Nf6 2. Nf3 g6 3. g3 Bg7 4. c4 O-O 5. Bg2 d6 6. O-O Nc6 7. Nc3 e5 8. dxe5 dxe5 9. Bg5 Be6 10. Qa4 h6 11. Rfd1 Bd7 12. Bxf6 Bxf6 13. Bh3 Bxh3 14. Rxd8 Raxd8 15. Nd5 Bg7 16. e4 Rd7 17. b4 a6 18. b5 axb5 19. cxb5 Nd4 20. Nxd4 exd4 21. f3 Be6 22. Nf4 d3 23. Rd1 Rd4 24. Qa7 Bc4 25. Qxb7 d2 26. Qxc7 g5 27. Nd5 Be2 28. Qc2 Bxd1 29. Qxd1 Kh8 30. Ne7 Rfd8 31. Kf2 Rc4 32. Nd5 Bc3 33. Qb3 Ba5 34. Ke2 Rc1 35. Qb2+ Kg8 36. Ne3 Re1+ 37. Kf2 Rxe3 38. Qf6 d1=Q 0-1

[Event "FISU World University-ch 2020"]
[Site "Online"]
[Date "2020.10.26"]
[Round "4.4"]
[White "Sargsyan, Shant"]
[Black "Marosi, Levente"]
[Result "1-0"]
[WhiteElo "2596"]
[BlackElo "2251"]
[Annotator "TA"]
[PlyCount "75"]
[EventDate "2020.10.26"]
[SourceTitle "playchess.com"]
[Source "ChessBase"]
[SourceQuality "1"]

1. e4 c6 2. d4 d5 3. f3 e6 4. Nc3 Bb4 5. Bd2 Nf6 6. e5 Nfd7 7. f4 c5 8. Nb5 Bxd2+ 9. Qxd2 O-O 10. c3 Nc6 11. Nf3 b6 12. Nd6 a5 13. Bb5 Ne7 14. Qe2 Nb8 15. O-O Ba6 16. g4 Bxb5 17. Qxb5 f5 18. Ng5 Ng6 19. Nxe6 Qh4 20. Qe2 Nc6 21. Nxf8 Rxf8 22. Nxf5 Qd8 23. Rad1 cxd4 24. cxd4 Nh4 25. Nxh4 Qxh4 26. Qg2 Kh8 27. f5 h5 28. gxh5 Nxd4 29. Kh1 Nxf5 30. Rd3 Rf7 31. Rdf3 Qe4 32. Rxf5 Rxf5 33. Qxe4 Rxf1+ 34. Kg2 dxe4 35. Kxf1 Kg8 36. Ke2 Kf7 37. Ke3 Ke6 38. Kxe4 1-0

[Event "FISU World University-ch 2020"]
[Site "Online"]
[Date "2020.10.26"]
[Round "4.4"]
[White "Sargsyan, Anna M."]
[Black "Terbe, Zsuzsanna"]
[Result "1-0"]
[WhiteElo "2402"]
[BlackElo "2198"]
[Annotator "TA"]
[PlyCount "71"]
[EventDate "2020.10.26"]
[SourceTitle "playchess.com"]
[Source "ChessBase"]
[SourceQuality "1"]

1. d4 d5 2. c4 c6 3. Nc3 Nf6 4. e3 g6 5. Nf3 Bg7 6. h3 O-O 7. Be2 Be6 8. b3 Ne4 9. Nxe4 dxe4 10. Nd2 f5 11. Rb1 Bf7 12. Bb2 Nd7 13. O-O e5 14. Qc2 Qe7 15. Rfe1 Rae8 16. Nf1 exd4 17. exd4 f4 18. Bf3 Nf6 19. Bxe4 Nxe4 20. Nd2 Be6 21. Rxe4 Qd7 22. Qc3 Bf5 23. Rxe8 Rxe8 24. Rd1 c5 25. Nf3 Re2 26. Bc1 Rc2 27. Qe1 cxd4 28. Bxf4 d3 29. Qe3 Rxa2 30. Be5 Bf8 31. Nd4 Bc5 32. g4 Be6 33. Rxd3 Ra1+ 34. Kg2 b6 35. Nxe6 Qc6+ 36. Qf3 1-0

[Event "FISU World University-ch 2020"]
[Site "Online"]
[Date "2020.10.26"]
[Round "4.4"]
[White "Grimm, Daniel"]
[Black "Martirosyan, Haik M."]
[Result "0-1"]
[WhiteElo "2286"]
[BlackElo "2622"]
[Annotator "TA"]
[PlyCount "64"]
[EventDate "2020.10.26"]
[SourceTitle "playchess.com"]
[Source "ChessBase"]
[SourceQuality "1"]

1. e4 e6 2. Nf3 d5 3. e5 c5 4. c3 Nc6 5. Bb5 Bd7 6. Ba4 d4 7. O-O Nh6 8. Bc2 Be7 9. a4 Nf5 10. Na3 h5 11. Nc4 g5 12. cxd4 g4 13. Ne1 Ncxd4 14. Be4 Bc6 15. d3 Qd7 16. Be3 Rd8 17. a5 Rg8 18. Kh1 h4 19. Nc2 h3 20. g3 Bxe4+ 21. dxe4 Qc6 22. Nxd4 cxd4 23. Qa4 Qxa4 24. Rxa4 dxe3 25. exf5 e2 26. Re1 Rd1 27. Ra1 Rxa1 28. Rxa1 Bb4 29. Nd6+ Kd7 30. Ne4 Rc8 31. Nc3 Rxc3 32. bxc3 Bxc3 0-1